| 000 | 00737nam a2200229Ia 4500 | ||
|---|---|---|---|
| 999 |
_c36114 _d36114 |
||
| 001 | 2014 | ||
| 003 | GE_BSU | ||
| 005 | 20221010142459.0 | ||
| 008 | 181216s2007ru xx |||||||||||||| ||rus|| | ||
| 020 | _a139785482012031 | ||
| 040 | _cGE_BSU | ||
| 041 | _arus | ||
| 080 | _a344(075.8) Б-42 | ||
| 100 |
_aБекяшев,К.А. _915194 |
||
| 245 |
_aМорское рыболовное право : _bУчебник. / _cК.А. Бекяшев. |
||
| 264 |
_aМосква : _bПроспект, _c2007. |
||
| 300 | _a560 стр.: | ||
| 653 | _aМорское рыболовное право | ||
| 653 | _aსაზღვაო თევზჭერის კანონი | ||
| 653 | _aსამართალი | ||
| 942 |
_cBK _2udc |
||